[Event "Match"]
[Site "www.echecsemail.com"]
[Date "2018.05.17"]
[Round "1"]
[White "Juheset"]
[Black "Biggles"]
[WhiteElo "1969"]
[BlackElo "2140"]
[Result "1/2-1/2"]
[Round "1"]
1.Ng1f3 Nb8c6
2.b3 Ng8f6
3.Bc1b2 d5
4.e3 Bc8d7
5.h3 e6
6.d3 Bf8e7
7.Nb1d2 O-O
8.g4 h6
9.Bf1g2 Rf8e8
10.e4 dxe4
11.dxe4 Be7c5
12.Qd1e2 e5
13.O-O-O Nc6d4
14.Nf3xd4 Bc5xd4
15.Bb2xd4 exd4
16.f4 c5
17.Qe2c4 Qd8c7
18.e5 Nf6h7
19.Nd2e4 Ra8c8
20.Ne4d6 Bd7e6
21.Qc4b5 Be6d7
22.Qb5xb7 Qc7xb7
23.Bg2xb7 Rc8b8
24.Nd6xe8 Bd7xe8
25.Bb7e4 Nh7f8
26.f5 Nf8d7
27.e6 Nd7b6
28.e7 Nb6c8
29.Rh1f1 Nc8xe7
30.Rd1e1 Kf8
31.Be4g2 Rb8c8
32.Re1e5 Be8c6
33.Bg2xc6 Rc8xc6
34.Rf1e1 Rc6c7
35.Kb2 f6
36.Re5e6 Kf7
37.Ka3 Ne7d5
38.h4 Nd5e3
39.Re1xe3 dxe3
40.Re6xe3 g6
41.fxg6 Kxg6
42.Re3e6 c4
43.b4 Kf7
44.Re6a6 Ke7
45.c3 { draw }
1/2-1/2

[Event "1/64 Finale"]
[Site "www.chess-mail.com"]
[Date "2018.05.17"]
[Round "1"]
[White "Esperanza"]
[Black "Reda"]
[WhiteElo "2080"]
[BlackElo "2169"]
[Result "1-0"]
[Round "1"]
1.d4 d5
2.c4 Ng8f6
3.cxd5 Nf6xd5
4.e4 Nd5b6
5.Nb1c3 Nb8d7
6.Ng1f3 e6
7.Bf1d3 Bf8b4
8.O-O O-O
9.e5 f6
10.exf6 Nd7xf6
11.Bc1g5 Bb4xc3
12.bxc3 h6
13.Bg5h4 Nb6d5
14.Ra1c1 Qd8d6
15.Bh4g3 Qd6d7
16.Nf3e5 Qd7d8
17.Bd3b1 c6
18.Qd1d3 Nd5c7
19.Bg3h4 Nc7d5
20.c4 Nd5f4
21.Qd3e3 g5
22.Rc1d1 Nf4xg2
23.Kxg2 gxh4
24.Qe3xh6 Qd8e7
25.Kh1 Qe7g7
26.Rf1g1 { resign }
1-0

[Event "Fast Game"]
[Site "www.echecsemail.com"]
[Date "2018.05.17"]
[Round "1"]
[White "Attatroll"]
[Black "Hennie4820"]
[WhiteElo "1700"]
[BlackElo "1760"]
[Result "0-1"]
[Round "1"]
1.e4 c5
2.Ng1f3 e6
3.d4 cxd4
4.Nf3xd4 Ng8f6
5.Nb1c3 Qd8b6
6.Nd4b3 Nb8c6
7.Bc1e3 Qb6c7
8.Bf1d3 a6
9.O-O Bf8b4
10.a3 Bb4xc3
11.bxc3 O-O
12.Nb3d4 b5
13.Ra1b1 Bc8b7
14.Nd4xc6 Qc7xc6
15.f3 Qc6xc3
16.Rb1b3 Qc3c7
17.Qd1d2 d5
18.Rb3c3 Qc7d7
19.Be3c5 Rf8d8
20.e5 Nf6e8
21.Qd2g5 f6
22.exf6 Ne8xf6
23.Bc5d4 Rd8f8
24.Bd4e5 Ra8c8
25.Rc3xc8 Bb7xc8
26.h4 Qd7f7
27.g4 Nf6d7
28.Be5b2 h6
29.Qg5e3 Qf7e7
30.g5 h5
31.Kg2 Nd7c5
32.a4 Nc5xd3
33.cxd3 Qe7b4
34.Qe3e5 Rf8f7
35.axb5 axb5
36.Rf1c1 Bc8d7
37.Rc1c7 Qb4d2
38.Kg3 Qd2xd3
39.Rc7xd7 Qd3xf3
40.Kh2 { time. }
0-1

[Event "Fast Game"]
[Site "www.echecsemail.com"]
[Date "2018.05.17"]
[Round "1"]
[White "Coolant"]
[Black "Attatroll"]
[WhiteElo "1799"]
[BlackElo "1700"]
[Result "1-0"]
[Round "1"]
1.c4 e5
2.Nb1c3 Ng8f6
3.g3 c6
4.Bf1g2 Bf8c5
5.d3 d6
6.a3 O-O
7.b4 Bc5b6
8.e3 Nb8a6
9.Ng1e2 Bc8g4
10.O-O Qd8d7
11.Bc1b2 Ra8c8
12.Qd1b3 Bg4h3
13.d4 Bh3xg2
14.Kxg2 e4
15.d5 c5
16.b5 Na6c7
17.Nc3a4 Nf6g4
18.h3 Ng4f6
19.Bb2xf6 gxf6
20.Qb3c3 Qd7f5
21.Ne2f4 Nc7e8
22.Na4xb6 axb6
23.a4 Qf5e5
24.Qc3d2 Kh8
25.a5 bxa5
26.Ra1xa5 Ne8g7
27.Rf1a1 Ng7h5
28.Nf4xh5 Qe5xh5
29.Ra5a7 Rc8c7
30.Qd2d1 Qh5xd1
31.Ra1xd1 Rf8c8
32.g4 b6
33.Rd1a1 Kg7
{ time. }
1-0

[Event "Tourn. n9782"]
[Site "www.chess-mail.com"]
[Date "2018.05.18"]
[Round "1"]
[White "Jjmcbride"]
[Black "Julian"]
[WhiteElo "1720"]
[BlackElo "1870"]
[Result "0-1"]
[Round "1"]
1.d4 d5
2.f3 Ng8f6
3.Nb1c3 e6
4.a3 Bf8e7
5.e4 dxe4
6.fxe4 c6
7.e5 Nf6d5
8.Nc3xd5 exd5
9.b4 O-O
10.Ng1f3 Bc8g4
11.Bf1e2 Nb8d7
12.O-O Rf8e8
13.Qd1d3 Be7f8
14.h3 Bg4h5
15.Nf3g5 Bh5g6
16.Qd3f3 Bf8e7
17.Ng5xf7 Qd8b6
18.c3 a5
19.bxa5 Ra8xa5
 { time }
0-1

[Event "Tourn. n9784"]
[Site "www.chess-mail.com"]
[Date "2018.05.18"]
[Round "1"]
[White "Osopanda"]
[Black "Gegonz"]
[WhiteElo "1870"]
[BlackElo "2040"]
[Result "1-0"]
[Round "1"]
1.e4 c6
2.d4 d5
3.Nb1d2 dxe4
4.Nd2xe4 Bc8f5
5.Qd1f3 Bf5xe4
6.Qf3xe4 Ng8f6
7.Qe4d3 e6
8.Ng1f3 Nb8d7
9.c4 Bf8b4
10.Bc1d2 Qd8a5
11.Bf1e2 Bb4xd2
12.Nf3xd2 O-O
13.O-O Ra8d8
14.Be2f3 Nd7e5
15.Qd3e3 Ne5xf3
16.Nd2xf3 Qa5b4
17.d5 exd5
18.cxd5 Nf6xd5
19.Qe3g5 Qb4xb2
{ time. }
1-0

[Event "Tourn. n9734"]
[Site "www.chess-mail.com"]
[Date "2018.05.18"]
[Round "1"]
[White "Apdash"]
[Black "Ffdd65"]
[WhiteElo "2220"]
[BlackElo "2200"]
[Result "0-1"]
[Round "1"]
1.e4 e5
2.Ng1f3 d6
3.d4 Qd8e7
4.dxe5 dxe5
5.Nb1c3 h6
6.Nc3d5 Qe7d6
7.Bc1d2 c5
8.Bf1b5 Nb8d7
9.b4 a6
10.bxc5 Qd6xc5
11.Bb5a4 b5
12.Ba4b3 Bf8d6
13.Bd2e3 Qc5c6
14.O-O Ng8f6
15.Qd1d3 Ra8b8
16.Ra1c1 Nf6xd5
17.Bb3xd5 Qc6c7
18.c4 Nd7c5
19.Be3xc5 Bd6xc5
20.cxb5 Rb8xb5
21.Rc1c2 O-O
22.Rf1c1 Bc8e6
23.Kh1 Qc7d6
24.Nf3d2 Be6xd5
25.exd5 Bc5b6
26.Rc2c6 Qd6xd5
27.Qd3xd5 Rb5xd5
28.Nd2f3 Bb6xf2
29.Rc6xa6 Rf8d8
30.g3 e4
31.Nf3h4 e3
32.Kg2 g5
33.Nh4f3 g4
34.Nf3h4 Rd5d1
 { time }
0-1

[Event "Tourn. n9689"]
[Site "www.chess-mail.com"]
[Date "2018.05.18"]
[Round "1"]
[White "Sorim"]
[Black "Sahlapalat"]
[WhiteElo "2030"]
[BlackElo "2060"]
[Result "0-1"]
[Round "1"]
1.d4 Ng8f6
2.Ng1f3 g6
3.Bc1f4 Bf8g7
4.c4 O-O
5.Nb1c3 d5
6.e3 c5
7.Bf1e2 Nb8c6
8.O-O cxd4
9.exd4 a6
10.Qd1b3 Nc6a5
11.Qb3b4 Na5xc4
12.Be2xc4 dxc4
13.a4 Bc8e6
14.Qb4xb7 Nf6d5
15.Nc3xd5 Be6xd5
16.Qb7c7 Ra8c8
17.Qc7xd8 Rf8xd8
18.Nf3e5 f6
19.Ne5g4 Bd5e6
20.h3 Rd8xd4
21.Bf4e3 Rd4d7
22.Rf1d1 Rc8d8
23.Rd1xd7 Rd8xd7
24.f4 Rd7b7
25.Be3d4 Kf7
26.Ng4e3 Rb7b3
27.Bd4c3 f5
28.Bc3xg7 Kxg7
29.Ne3d1 Kf6
30.Kf2 Be6d5
31.Ra1c1 e5
32.fxe5 Kxe5
33.Rc1c2 Kd4
34.Nd1c3 Bd5e4
35.Rc2d2 Be4d3
36.Nc3e2 Kc5
37.Ne2c1 Rb3b4
38.Nc1xd3 cxd3
39.Rd2xd3 Rb4xb2
40.Kf3 a5
41.Rd3d7 h5
42.Rd7a7 Kb4
43.Ra7g7 Kxa4
44.Rg7xg6 Kb3
45.Rg6b6 Kc3
46.Rb6c6 Kb4
47.Rc6b6 Ka3
 { time }
0-1

[Event "Tourn. n9623"]
[Site "www.chess-mail.com"]
[Date "2018.05.18"]
[Round "1"]
[White "Mozgegorov"]
[Black "Sahlapalat"]
[WhiteElo "1729"]
[BlackElo "1679"]
[Result "0-1"]
[Round "1"]
1.e4 c5
2.Ng1f3 d6
3.d4 cxd4
4.Nf3xd4 Ng8f6
5.Bf1d3 Qd8b6
6.Nd4b3 Nb8c6
7.O-O g6
8.Bc1e3 Qb6c7
9.Nb1d2 Bf8g7
10.c3 O-O
11.Qd1c1 Bc8e6
12.f4 Nf6g4
13.Nd2f3 Ng4xe3
14.Qc1xe3 a6
15.Nf3g5 Be6d7
16.Nb3d2 b5
17.h3 b4
18.Rf1c1 Qc7b7
19.Ra1b1 a5
20.Kh2 h6
21.Ng5f3 Rf8d8
22.cxb4 Nc6xb4
23.a3 Nb4xd3
24.Qe3xd3 Rd8c8
25.Rc1c2 Rc8xc2
26.Qd3xc2 Ra8c8
27.Qc2d3 Bd7b5
28.Qd3e3 a4
29.e5 dxe5
30.Nf3xe5 Qb7d5
31.Nd2f3 Rc8c2
32.Qe3d4 e6
33.Qd4xd5 exd5
34.Nf3d4 Rc2c5
35.Nd4xb5 Rc5xb5
36.Ne5d3 Kf8
37.Nd3b4 Ke7
38.g4 Kd6
39.b3 axb3
40.Rb1xb3 d4
41.Rb3d3 Kc5
42.Kg3 Kc4
43.Rd3f3 Bg7f8
44.Nb4c6 Bf8d6
45.Kf2 Rb5b2
46.Ke1 f6
47.Nc6a5 Kd5
48.h4 Ke4
49.Na5c4 Kxf3
50.Nc4xb2 Bd6xa3
51.Nb2c4 Ba3b4
52.Kf1 Kxf4
53.g5 fxg5
54.hxg5 Kxg5
55.Kf2 Kf4
56.Nc4b2 Ke4
57.Ke2 h5
58.Nb2d1 d3
59.Kf2 g5
60.Kg3 Bb4d6
61.Kh3 d2
62.Nd1f2 Kf3
63.Nf2d1 Bd6e5
64.Nd1f2 Be5g3
 { time }
0-1

[Event "Tourn. n9643"]
[Site "www.chess-mail.com"]
[Date "2018.05.18"]
[Round "1"]
[White "Szustan"]
[Black "Pdebonis"]
[WhiteElo "2530"]
[BlackElo "2710"]
[Result "1/2-1/2"]
[Round "1"]
1.e4 e5
2.Ng1f3 Nb8c6
3.Nb1c3 Ng8f6
4.d4 exd4
5.Nc3d5 Nc6b4
6.Nd5xf6 Qd8xf6
7.Bf1c4 Bf8c5
8.O-O d6
9.e5 dxe5
10.Bc1g5 Qf6d6
11.Nf3xe5 O-O
12.Rf1e1 Bc8e6
13.Bc4xe6 Qd6xe6
14.a3 Nb4c6
15.Ne5d3 Qe6g6
16.Bg5f4 Bc5d6
17.Bf4xd6 Qg6xd6
18.Qd1f3 g6
19.Re1e4 Ra8e8
20.Ra1e1 Re8xe4
21.Qf3xe4 a5
22.h4 h5
23.f4 f5
24.Qe4f3 Rf8f7
25.Re1e8 Kg7
26.b4 Rf7f8
27.Re8xf8 Kxf8
28.b5 Nc6d8
29.Nd3e5 a4
30.g3 Kg7
31.Qf3d3 Qd6d5
32.Ne5f3 Nd8e6
33.Qd3e2 Kf7
34.Nf3e5 Kf6
35.Ne5f3 Qd5c5
36.Qe2d3 Kf7
37.Nf3e5 Kg7
38.Kf1 Qc5d5
39.Ne5f3 Kf7
40.Kf2 Ke7
41.Ke2 Qd5e4
42.Kd2 Kd6
43.c4 c6
44.bxc6 bxc6
45.Qd3e2 Ne6c5
46.Qe2xe4 Nc5xe4
47.Kd3 c5
48.Nf3e1 Ne4xg3
49.Ne1g2 Ng3e4
50.Ng2e1 Kc6
51.Ne1g2 Ne4f2
52.Ke2 Nf2g4
53.Kd3 Kd6
54.Ke2 Kc7
55.Kd3 { draw }
1/2-1/2

[Event "Tourn. n9764"]
[Site "www.chess-mail.com"]
[Date "2018.05.18"]
[Round "1"]
[White "Szustan"]
[Black "Sachpat"]
[WhiteElo "2670"]
[BlackElo "2850"]
[Result "1/2-1/2"]
[Round "1"]
1.e4 c5
2.c3 Ng8f6
3.e5 Nf6d5
4.d4 cxd4
5.Ng1f3 e6
6.cxd4 d6
7.Bf1c4 Bf8e7
8.O-O O-O
9.Nb1c3 dxe5
10.Nf3xe5 Nb8c6
11.Nc3xd5 exd5
12.Bc4b3 Bc8e6
13.Ne5xc6 bxc6
14.Bc1f4 Be7f6
15.Rf1e1 Qd8b6
16.Bf4e5 Bf6xe5
17.Re1xe5 a5
18.h3 Rf8e8
19.Bb3a4 Be6d7
20.Re5xe8 Ra8xe8
21.Qd1d2 Re8b8
22.b3 Qb6b4
23.Qd2e3 Rb8e8
24.Qe3d3 g6
25.a3 Re8e1
26.Ra1xe1 Qb4xe1
27.Qd3f1 Qe1d2
28.Qf1a6 Kg7
29.Qa6b7 Bd7e6
30.Ba4xc6 Qd2c1
31.Kh2 Qc1f4
32.Kg1 Qf4c1
{ draw }
1/2-1/2

[Event "Tourn. n9818"]
[Site "www.echecsemail.com"]
[Date "2018.05.18"]
[Round "1"]
[White "Bojan"]
[Black "Fegatux"]
[WhiteElo "2050"]
[BlackElo "2300"]
[Result "0-1"]
[Round "1"]
1.b4 e5
2.a3 d5
3.e3 Bf8d6
4.Bc1b2 Ng8f6
5.h3 O-O
6.Bf1e2 Bc8e6
7.d3 Nb8d7
8.Nb1d2 c5
9.c3 Rf8e8
10.c4 cxb4
11.cxd5 Be6xd5
12.e4 Bd5e6
13.axb4 Bd6xb4
14.Ng1f3 Qd8b8
15.Nf3g5 b5
16.Ng5xe6 Re8xe6
17.O-O a5
18.Nd2f3 a4
19.Bb2a3 Bb4xa3
20.Ra1xa3 Re6a6
21.d4 Ra6a5
22.Qd1d2 b4
23.Rf1b1 b3
24.dxe5 Nd7xe5
25.Qd2d4 Nf6d7
26.Nf3d2 Qb8f8
27.Rb1a1 Qf8c5
28.Qd4xc5 Nd7xc5
29.f4 Ne5d7
30.Nd2c4 Ra5a7
31.Be2f3 Ra8b8
32.Ra1b1 Nd7b6
33.Nc4b2 Rb8d8
34.Rb1c1 Ra7a5
35.Nb2c4 Nb6xc4
36.Rc1xc4 b2
37.Rc4b4 Nc5b3
38.Ra3xb3 axb3
39.Rb4xb3 Ra5a1
{ resign }
0-1

[Event "Match"]
[Site "www.echecsemail.com"]
[Date "2018.05.18"]
[Round "1"]
[White "Chapi"]
[Black "Fegatux"]
[WhiteElo "2110"]
[BlackElo "2310"]
[Result "1-0"]
[Round "1"]
1.d4 d5
2.c4 e6
3.cxd5 exd5
4.Nb1c3 Ng8f6
5.Ng1f3 Bf8e7
6.Bc1f4 c6
7.e3 O-O
8.Bf1e2 Rf8e8
9.O-O Be7f8
10.Qd1c2 Bc8g4
11.Nf3e5 Bg4xe2
12.Qc2xe2 Nb8d7
13.a3 Nd7xe5
14.Bf4xe5 Nf6d7
15.Be5f4 Bf8e7
16.Qe2g4 Kh8
17.Nc3e2 Be7f6
18.Ne2g3 g5
19.Bf4d6 Re8e6
20.Bd6b4 a5
21.Bb4d2 Qd8c7
22.Qg4f5 Ra8g8
23.Ng3h5 Rg8g6
24.f4 h6
25.fxg5 hxg5
26.Qf5g4 Qc7d8
27.Rf1f5 Re6e4
28.Qg4f3 g4
29.Qf3e2 Qd8g8
30.Ra1f1 Re4e6
31.Nh5f4 Rg6h6
32.Nf4xe6 fxe6
33.Rf5f4 Rh6g6
34.Bd2xa5 Qg8g7
35.Ba5d8 Kh7
36.Bd8xf6 Nd7xf6
37.Qe2f2 Nf6e4
38.Qf2h4 Rg6h6
39.Qh4xg4 Qg7xg4
40.Rf4xg4 Ne4f6
41.Rg4f4 Kg6
42.Rf4xf6 { resign }
1-0

[Event "Tourn. n9807"]
[Site "www.echecsemail.com"]
[Date "2018.05.18"]
[Round "1"]
[White "Paulsyd"]
[Black "Krystek23"]
[WhiteElo "2510"]
[BlackElo "2530"]
[Result "1-0"]
[Round "1"]
1.e4 c5
2.Ng1f3 e6
3.d4 cxd4
4.Nf3xd4 Nb8c6
5.Nb1c3 Qd8c7
6.Bc1e3 a6
7.Bf1e2 b5
8.Nd4xc6 dxc6
9.f4 e5
10.fxe5 Qc7xe5
11.Qd1d2 Bc8e6
12.O-O-O b4
13.Nc3d5 cxd5
14.Be3f4 Qe5xf4
15.Qd2xf4 { resign }
1-0

[Event "Tourn. n9813"]
[Site "www.echecsemail.com"]
[Date "2018.05.18"]
[Round "1"]
[White "Hundegana"]
[Black "Reda"]
[WhiteElo "2070"]
[BlackElo "1800"]
[Result "1-0"]
[Round "1"]
1.e4 e5
2.Ng1f3 Nb8c6
3.Bf1b5 d6
4.d4 Bc8d7
5.Bb5xc6 Bd7xc6
6.d5 Bc6b5
7.b3 Ng8f6
8.c4 Bb5d7
9.Nf3d2 Bf8e7
10.Nb1c3 O-O
11.O-O Nf6g4
12.h3 Ng4f6
13.Nd2f3 c6
14.Bc1e3 cxd5
15.Nc3xd5 Nf6xd5
16.exd5 Be7g5
17.Be3xg5 f6
18.Bg5h4 Bd7f5
19.g4 Qd8e8
20.gxf5 Kf7
21.Nf3d2 { resign }
1-0

[Event "Match"]
[Site "www.echecsemail.com"]
[Date "2018.05.18"]
[Round "1"]
[White "Juheset"]
[Black "Calponas"]
[WhiteElo "1809"]
[BlackElo "2090"]
[Result "0-1"]
[Round "1"]
1.e4 c5
2.Ng1f3 Nb8c6
3.Bf1c4 e6
4.d4 cxd4
5.Nf3xd4 Ng8f6
6.Nb1c3 Nc6a5
7.Bc4d3 d6
8.b3 Na5c6
9.Nd4xc6 bxc6
10.Bc1e3 Bf8e7
11.O-O a5
12.f4 Bc8d7
13.e5 Nf6d5
14.Nc3xd5 cxd5
15.exd6 Be7xd6
16.Qd1e2 a4
17.Be3d4 O-O
18.Qe2h5 f5
19.g4 g6
20.Qh5h6 Qd8e7
21.Ra1e1 Qe7f7
22.gxf5 exf5
23.c4 axb3
24.axb3 Bd7c6
25.Re1e6 Ra8d8
26.Kh1 Rf8e8
27.Bd3xf5 dxc4
28.Kg1 Bd6c5
29.Re6xe8 Rd8xe8
30.Bd4xc5 Qf7xf5
31.Bc5d4 Qf5g4
32.Kf2 Re8e2
{ resign }
0-1

[Event "Match"]
[Site "www.echecsemail.com"]
[Date "2018.05.18"]
[Round "1"]
[White "Juheset"]
[Black "Jackbauer"]
[WhiteElo "1969"]
[BlackElo "1840"]
[Result "1/2-1/2"]
[Round "1"]
1.e3 e5
2.d4 exd4
3.exd4 d5
4.Bf1b5 Bc8d7
5.Bb5xd7 Nb8xd7
6.Bc1f4 Ng8f6
7.Nb1d2 Bf8e7
{ draw }
1/2-1/2

[Event "1/64 Finale"]
[Site "www.chess-mail.com"]
[Date "2018.05.18"]
[Round "1"]
[White "Juheset"]
[Black "Bojan"]
[WhiteElo "2010"]
[BlackElo "2000"]
[Result "0-1"]
[Round "1"]
1.e3 d5
2.d4 g6
3.Bf1d3 Bf8g7
4.c4 dxc4
5.Bd3xc4 e5
6.Qd1f3 Qd8e7
7.Bc4d5 c6
8.Bd5b3 exd4
9.e4 Ng8f6
10.Bb3c2 Bc8g4
11.Qf3f4 O-O
12.f3 Bg4e6
13.Ng1e2 Nf6h5
14.Qf4d2 c5
15.Bc2d3 Qe7d6
16.g4 Nh5f6
17.h3 Nb8c6
18.f4 Qd6c7
19.f5 Be6d7
20.fxg6 hxg6
21.a3 Nc6e5
22.Ne2g1 b5
23.Qd2e2 c4
24.Bd3xc4 bxc4
25.Qe2d2 Nf6xe4
26.Qd2g2 Bd7c6
27.Ng1f3 Ne5d3
28.Kd1 Rf8e8
29.Rh1f1 Bc6a4
30.Ke2 Ne4g3
{ resign }
0-1

[Event "Fast Game"]
[Site "www.echecsemail.com"]
[Date "2018.05.18"]
[Round "1"]
[White "Libiesse"]
[Black "Juheset"]
[WhiteElo "1640"]
[BlackElo "1599"]
[Result "0-1"]
[Round "1"]
1.d4 c6
2.Ng1f3 g6
3.c4 Bf8g7
4.Nb1c3 Qd8c7
5.e4 e5
6.d5 cxd5
7.Nc3xd5 Qc7d6
8.Bc1e3 b6
9.Bf1e2 Bg7f8
10.O-O Bc8b7
11.Ra1c1 Nb8c6
12.a3 Ng8f6
13.c5 bxc5
14.Be3xc5 Qd6b8
 { time }
0-1

[Event "Tourn. n9766"]
[Site "www.chess-mail.com"]
[Date "2018.05.19"]
[Round "1"]
[White "Apdash"]
[Black "Prize64"]
[WhiteElo "2170"]
[BlackElo "2140"]
[Result "0-1"]
[Round "1"]
1.e4 e6
2.Ng1f3 c5
3.d4 cxd4
4.Nf3xd4 Nb8c6
5.Bf1c4 a6
6.O-O Qd8c7
7.Bc4b3 Ng8f6
8.Nd4xc6 bxc6
9.Qd1e2 d5
10.exd5 cxd5
11.Bc1g5 Bc8b7
12.Nb1c3 Bf8d6
13.g3 Bd6e7
14.Bg5xf6 Be7xf6
15.Nc3xd5 Bb7xd5
16.Bb3xd5 Ra8d8
17.Bd5xe6 fxe6
18.Qe2xe6 Qc7e7
19.Qe6xa6 O-O
20.Ra1e1 Qe7b4
21.b3 Bf6d4
 { time }
0-1

[Event "Tourn. n9782"]
[Site "www.chess-mail.com"]
[Date "2018.05.19"]
[Round "1"]
[White "Cal"]
[Black "Jjmcbride"]
[WhiteElo "1630"]
[BlackElo "1720"]
[Result "1-0"]
[Round "1"]
1.e4 e5
2.a3 c6
3.Nb1c3 d5
4.exd5 cxd5
5.d3 d4
6.Nc3e4 f6
7.h3 Ng8e7
8.b4 Bc8e6
9.Bc1b2 g6
10.Ng1f3 Ne7g8
11.Bf1e2 Bf8e7
12.O-O f5
13.Ne4g3 Nb8c6
14.b5 Nc6a5
15.a4 Be7d6
16.Qd1d2 f4
17.Ng3e4 Bd6e7
18.Nf3xe5  { time }
1-0

[Event "Tourn. n9793"]
[Site "www.chess-mail.com"]
[Date "2018.05.19"]
[Round "1"]
[White "Gandalf50"]
[Black "Cal"]
[WhiteElo "1629"]
[BlackElo "1660"]
[Result "1-0"]
[Round "1"]
1.c4 e5
2.Ng1f3 d6
3.d4 e4
4.Nf3g5 h6
5.Ng5xe4 Bc8f5
6.Ne4g3 c6
7.Ng3xf5 Ng8f6
8.Nf5e3 Nb8d7
9.Nb1c3 Bf8e7
10.g3 O-O
11.Bf1g2 a6
12.Ne3f5 Rf8e8
13.Nf5xe7 Re8xe7
14.O-O b6
15.Bg2xc6 Nd7f8
16.Bc6xa8 Qd8xa8
17.f3 Nf6h5
18.e4 Nf8g6
19.Bc1e3 f6
20.f4 b5
21.Qd1xh5 Kh7
22.Qh5d5 Qa8b8
23.cxb5 axb5
24.Qd5xb5 Qb8c7
25.Nc3d5 Qc7b7
26.Qb5xb7 Re7xb7
27.Rf1b1 Ng6f8
28.b4 Nf8e6
29.a4 Ne6d8
30.a5 Nd8c6
31.b5 Nc6d8
32.a6 Rb7f7
33.b6 Nd8c6
34.a7 Nc6xa7
35.bxa7 Rf7xa7
36.Ra1xa7 { resign }
1-0

[Event "Tourn. n9797"]
[Site "www.chess-mail.com"]
[Date "2018.05.19"]
[Round "1"]
[White "Jjmcbride"]
[Black "Reda"]
[WhiteElo "1730"]
[BlackElo "1810"]
[Result "0-1"]
[Round "1"]
1.e4 e5
2.Ng1f3 Nb8c6
3.Nb1a3 Bf8xa3
4.bxa3 Ng8f6
5.Bf1d3 O-O
6.h3 d6
7.O-O Bc8e6
8.Nf3h2 d5
9.f3 dxe4
10.fxe4 Qd8d4
11.Kh1 Nf6xe4
12.Bd3xe4 Qd4xa1
13.Nh2f3 Qa1xa2
14.Nf3g5 g6
15.c3 Qa2c4
 { time }
0-1

[Event "Tourn. n9775"]
[Site "www.chess-mail.com"]
[Date "2018.05.19"]
[Round "1"]
[White "Apdash"]
[Black "Prize64"]
[WhiteElo "2250"]
[BlackElo "2140"]
[Result "0-1"]
[Round "1"]
1.d4 d5
2.Ng1f3 c6
3.e3 Ng8f6
4.c4 e6
5.Bf1e2 Nb8d7
6.Nb1c3 dxc4
7.Be2xc4 Qd8c7
8.O-O Bf8d6
9.e4 e5
10.dxe5 Nd7xe5
11.Nf3xe5 Bd6xe5
12.f4 Bc8g4
13.Qd1c2 Be5d4
14.Kh1 Bd4xc3
15.Qc2xc3 O-O
16.h3 Nf6xe4
17.Qc3d4 Ne4g3
18.Kh2 Ng3xf1
 { time }
0-1

[Event "Tourn. n9794"]
[Site "www.chess-mail.com"]
[Date "2018.05.19"]
[Round "1"]
[White "Abuelo"]
[Black "Fantomas"]
[WhiteElo "2050"]
[BlackElo "2140"]
[Result "1-0"]
[Round "1"]
1.e4 e5
2.Bf1c4 Ng8f6
3.d3 h6
4.Ng1f3 d6
5.h3 c6
6.a4 b6
7.Nb1c3 Bc8b7
8.Bc1e3 Nb8d7
9.O-O Bf8e7
10.Nc3e2 O-O
11.Ne2g3 Qd8c7
12.Ng3f5 Be7d8
13.Qd1d2 Nf6h7
14.Nf5xg7 Bd8f6
15.Ng7f5 d5
16.Nf5xh6 Kh8
17.Bc4a2 Kg7
18.Nh6f5 Kg8
19.Be3g5 Qc7d8
20.Bg5h6 Rf8e8
21.Nf5d6 Re8e6
22.Nd6xb7 Qd8c7
23.exd5 { resign }
1-0

[Event "Match"]
[Site "www.echecsemail.com"]
[Date "2018.05.19"]
[Round "1"]
[White "Caroluigi"]
[Black "Apdash"]
[WhiteElo "2130"]
[BlackElo "2120"]
[Result "1-0"]
[Round "1"]
1.d4 Ng8f6
2.c4 d6
3.Nb1c3 g6
4.e4 Nb8d7
5.Bf1d3 Bf8g7
6.Ng1e2 c6
7.f3 a6
8.Bc1e3 e5
9.d5 O-O
10.O-O cxd5
11.cxd5 b5
12.Ra1c1 Nd7c5
13.Bd3c2 Nf6d7
14.b4 Nc5b7
15.Qd1d2 Nd7b6
16.Bc2b3 f5
17.exf5 Bc8xf5
18.Nc3e4 Ra8c8
19.Rc1xc8 Nb6xc8
20.Ne2g3 Nc8e7
21.Ng3xf5 Ne7xf5
22.a3 h6
23.Be3f2 Nf5d4
24.Bb3a2  { time }
1-0

[Event "Match"]
[Site "www.echecsemail.com"]
[Date "2018.05.19"]
[Round "1"]
[White "Ericleo1980"]
[Black "Irene"]
[WhiteElo "2230"]
[BlackElo "2120"]
[Result "1-0"]
[Round "1"]
1.e4 e5
2.Ng1f3 Nb8c6
3.Bf1b5 Bf8d6
4.c3 a6
5.Bb5a4 b5
6.Ba4c2 Ng8f6
7.O-O Bc8b7
8.d3 Nc6e7
9.Bc1g5 Ne7g6
10.h3 h6
11.Bg5e3 O-O
12.g3 c5
13.Nb1d2 b4
14.Nd2c4 Bd6e7
15.Nf3xe5 d6
16.Ne5xg6 fxg6
17.f4 a5
18.Nc4d2 d5
19.e5 Nf6d7
20.Qd1g4 g5
21.d4 cxd4
22.cxd4 Bb7a6
23.Rf1f2 Ra8c8
24.Nd2f3 gxf4
25.Be3xf4 Rc8c6
26.Bc2a4 Rc6b6
27.Qg4xd7 Qd8xd7
28.Ba4xd7 g5
29.Bf4e3 Rf8d8
30.Bd7f5 Rd8f8
31.g4 Rb6c6
32.Ra1c1 Ba6c4
33.b3 Bc4b5
34.Rc1xc6 Bb5xc6
35.Rf2c2 Bc6a8
36.Rc2c7 Be7d8
37.Rc7d7 Ba8c6
38.Rd7d6 Bc6b7
39.Rd6xh6 Kg7
40.Rh6h7 Kg8
41.Rh7xb7 Rf8e8
42.Nf3xg5 a4
43.Bf5e6 Re8xe6
44.Ng5xe6 axb3
45.axb3 Bd8a5
46.Be3h6 Kh8
47.Rb7g7 Ba5d8
48.Ne6f4 Bd8g5
49.Nf4g6 { resign }
1-0

[Event "Match"]
[Site "www.echecsemail.com"]
[Date "2018.05.19"]
[Round "1"]
[White "Whitekknight"]
[Black "Tonino1"]
[WhiteElo "1910"]
[BlackElo "2020"]
[Result "1/2-1/2"]
[Round "1"]
1.e4 d6
2.d4 Ng8f6
3.Nb1c3 g6
4.h3 Bf8g7
5.Ng1f3 O-O
6.Bf1c4 c6
7.d5 b5
8.Bc4d3 b4
9.Nc3e2 c5
10.O-O Qd8c7
11.c4 Nb8d7
12.Bc1f4 Nf6h5
13.Bf4h2 Bg7xb2
14.Ra1b1 Bb2g7
15.Ne2g3 Nh5f4
16.Bd3c2 Nd7e5
17.Nf3xe5 Bg7xe5
18.Ng3e2 Nf4xe2
19.Qd1xe2 f6
20.f4 Be5d4
21.Kh1 Bc8d7
22.Qe2d3 a5
23.Bh2g1 Bd4xg1
24.Rf1xg1 Qc7c8
25.Rb1f1 a4
26.g4 b3
27.axb3 axb3
28.Qd3xb3 Bd7a4
29.Qb3b2 Ra8b8
30.Qb2c1 Qc8a6
31.Bc2xa4 Qa6xa4
32.f5 g5
33.Rg1g3 Rb8b3
34.Rf1f3 Rf8b8
35.Rf3xb3 Rb8xb3
36.Rg3xb3 Qa4xb3
37.Kh2 Qb3a2
38.Kg1 Qa2e2
39.Qc1f1 Qe2xe4
40.Kh2 Qe4e5
41.Kg1 Qe5d4
42.Kh2 Qd4e5
43.Kg1 { draw }
1/2-1/2

[Event "Match"]
[Site "www.echecsemail.com"]
[Date "2018.05.19"]
[Round "1"]
[White "Trusivka"]
[Black "Fangshuo"]
[WhiteElo "1499"]
[BlackElo "2110"]
[Result "0-1"]
[Round "1"]
1.Ng1f3 e6
2.Nf3d4 c5
3.c3 cxd4
4.cxd4 d5
5.e3 a6
6.Nb1a3 Bf8xa3
7.bxa3 Ng8f6
8.Bf1e2 Nb8c6
9.Be2d3 O-O
10.Qd1e2 e5
11.f4 exf4
12.exf4 Rf8e8
13.Bd3e4 Re8xe4
14.d3 Re4xe2
15.Kxe2 Qd8e7
16.Kd2 Nc6xd4
17.Bc1b2 Qe7e2
18.Kc3 Nd4b5
19.Kb3 Qe2xd3
20.Bb2c3 Nb5d4
21.Kb4 Qd3b5
{ resign }
0-1

[Event "Match"]
[Site "www.echecsemail.com"]
[Date "2018.05.19"]
[Round "1"]
[White "Gegonz"]
[Black "Tonino1"]
[WhiteElo "2110"]
[BlackElo "1950"]
[Result "0-1"]
[Round "1"]
1.e4 d6
2.d4 Ng8f6
3.Bf1d3 c6
4.Ng1f3 Qd8c7
5.O-O g6
6.c4 Bf8g7
7.Nb1c3 O-O
8.Bc1e3 Nf6g4
9.Be3d2 e5
10.dxe5 Ng4xe5
11.Nf3xe5 dxe5
12.Bd2e3 Bc8e6
13.Ra1c1 Qc7e7
14.Qd1e2 Nb8d7
15.b3 f5
16.exf5 gxf5
17.Rf1d1 f4
18.Qe2h5 Nd7f6
{ resign }
0-1

[Event "Match"]
[Site "www.echecsemail.com"]
[Date "2018.05.19"]
[Round "1"]
[White "Apdash"]
[Black "Gegonz"]
[WhiteElo "2080"]
[BlackElo "2070"]
[Result "0-1"]
[Round "1"]
1.d4 d5
2.Ng1f3 Ng8f6
3.c4 dxc4
4.Nb1c3 a6
5.a4 Bc8g4
6.e4 e6
7.Bf1xc4 Nb8c6
8.Bc1e3 Bf8b4
9.O-O Bb4xc3
 { time }
0-1

[Event "Match"]
[Site "www.echecsemail.com"]
[Date "2018.05.19"]
[Round "1"]
[White "Karlgrocer"]
[Black "Tonino1"]
[WhiteElo "2010"]
[BlackElo "1950"]
[Result "0-1"]
[Round "1"]
1.d4 Ng8f6
2.Ng1f3 g6
3.e3 Bf8g7
4.Bf1e2 O-O
5.O-O d6
6.Nb1d2 c6
7.a3 Qd8c7
8.c4 e5
9.dxe5 dxe5
10.Qd1c2 h6
11.b4 Bc8e6
12.Bc1b2 Nb8d7
13.Nd2b3 b6
14.Ra1c1 Be6f5
15.Qc2d2 Ra8d8
16.Qd2e1 Rf8e8
17.Nf3h4 Bf5e6
18.Nh4f3 Nf6h7
19.b5 c5
20.h3 e4
21.Bb2xg7 exf3
22.Be2xf3 Kxg7
23.Qe1c3 Qc7e5
24.Qc3c2 Be6f5
25.Qc2a2 Nh7g5
26.Bf3d5 Nd7f6
27.Rf1e1 Nf6xd5
28.cxd5 Rd8xd5
29.Nb3d2 Re8d8
30.Nd2f1 Bf5xh3
31.f4 Qe5e4
32.fxg5 Rd5xg5
33.Rc1c2 Qe4g4
34.Rc2f2 c4
35.Nf1h2 Qg4e4
36.Nh2f3 Rg5g4
37.Qa2b2 Kg8
38.Re1f1 Qe4xe3
39.Kh2 Qe3f4
40.Kxh3 Qf4g3
{ resign }
0-1

[Event "Tourn. n9827"]
[Site "www.echecsemail.com"]
[Date "2018.05.19"]
[Round "1"]
[White "Fantomas"]
[Black "Fegatux"]
[WhiteElo "2140"]
[BlackElo "2290"]
[Result "0-1"]
[Round "1"]
1.e4 e5
2.Ng1f3 Nb8c6
3.Bf1b5 Ng8f6
4.d3 d6
5.h3 Bc8d7
6.Bc1e3 Bf8e7
7.c3 O-O
8.O-O a6
9.Bb5a4 Qd8c8
10.Kh2 h6
11.Qd1d2 Kh7
12.Ba4c2 Nf6g8
13.Nf3g1 f5
14.exf5 Bd7xf5
15.Nb1a3 d5
16.g4 Bf5g6
17.d4 Bg6xc2
18.Na3xc2 Be7d6
19.Kg2 e4
20.Nc2e1 Nc6e7
21.f3 Ne7g6
22.f4 Qc8d7
23.Ng1e2 Ra8e8
24.Ne2g3 Ng6h4
25.Kh2 c6
26.Qd2c2 Qd7c7
27.Qc2f2 g5
28.f5 Ng8f6
29.Rf1g1 Qc7e7
30.Kh1 Qe7c7
31.Ra1c1 b5
32.b4 Bd6f4
33.Rc1c2 Nh4f3
34.Rg1g2 Bf4xe3
35.Qf2xe3 Qc7f4
36.Rc2e2 h5
37.Ng3f1 hxg4
38.hxg4 Kg7
39.Rg2g3 Rf8h8
40.Kg2 Nf3xe1
41.Re2xe1 Rh8h4
{ resign }
0-1